Highlights (Record no. 118719)

MARC details
000 -LEADER
fixed length control field 00873cas a22002295a 4500
001 - CONTROL NUMBER
control field L104249
008 - FIXED-LENGTH DATA ELEMENTS--GENERAL INFORMATION
fixed length control field 070705d19962006ne qr p 0 a0eng u
022 0# - INTERNATIONAL STANDARD SERIAL NUMBER
International Standard Serial Number 0717-2931
035 ## - SYSTEM CONTROL NUMBER
System control number (Sirsi) u104249
041 0# - LANGUAGE CODE
Language code of text/sound track or separate title eng
110 2# - MAIN ENTRY--CORPORATE NAME
Corporate name or jurisdiction name as entry element International Society for Photogrammetry and Remote Sensing
9 (RLIN) 2623
245 00 - TITLE STATEMENT
Title Highlights
260 ## - PUBLICATION, DISTRIBUTION, ETC.
Place of publication, distribution, etc. AC Lemmer
Name of publisher, distributor, etc. GITC bv
Date of publication, distribution, etc. 1996-2006
362 0# - DATES OF PUBLICATION AND/OR SEQUENTIAL DESIGNATION
Dates of publication and/or sequential designation 3(4) December 1998-11(1) March 2006
520 ## - SUMMARY, ETC.
Summary, etc. After 11(1) March 2006 issue, this journal is published in electronic format only. Copies of the journal can be accessed online at www.isprs.org.
520 ## - SUMMARY, ETC.
Summary, etc. Kept for five years
554 ## -
-- Four per year
651 #4 - SUBJECT ADDED ENTRY--GEOGRAPHIC NAME
Geographic name International
690 ## - LOCAL SUBJECT ADDED ENTRY--TOPICAL TERM (OCLC, RLIN)
Topical term or geographic name as entry element ENVIRONMENTAL AND LAND CONSULTANCY-GEOMATICS
856 41 - ELECTRONIC LOCATION AND ACCESS
Uniform Resource Identifier <a href="https://www.isprs.org/publications/highlights.html">https://www.isprs.org/publications/highlights.html</a>
Public note View copies of Highlights online at www.isprs.org...
942 ## - ADDED ENTRY ELEMENTS (KOHA)
Suppress in OPAC 0
Holdings
Withdrawn status Lost status Source of classification or shelving scheme Damaged status Not for loan Home library Current library Shelving location Date acquired Total Checkouts Full call number Barcode Date last seen Price effective from Koha item type
    Dewey Decimal Classification     London London Gallery 05/07/2007   HIGHLIGHTS 104249-1001 06/08/2019 06/08/2019 Journal